000 006390000a22001810004500
999 _c47526
_d47526
001 280
003 CO-MdFUSB
005 20180815134753.0
008 180815b xxu||||| |||| 00| 0 eng d
040 _cCO-MdBIC
082 0 4 _a868HC St79
100 1 _aStowell, Gordon
245 1 0 _aPequeños libros búho / Gordon Stowell
260 _aBuenos aires : Mundo Hispano
505 0 0 _aEjemplar 1 : Dios me hizo Ejemplar 2 : Dios sabe Ejemplar 3 : Que lindo Ejemplar 4 : Dios nos ama a todos Ejemplar 5 : Dios me cuida Ejemplar 6 : Me gusta Ejemplar 7 : Gracias Dios Ejemplar 8 : Te pido Dios
650 1 4 _aLiteratura infantil
942 _cLGB